[Event "GER AM05-A email"]
[Site "GER email"]
[Date "2019.06.19"]
[Round "?"]
[White "Kluegel, Jens Uwe"]
[Black "Dunlop, Gordon"]
[Result "1/2-1/2"]
[WhiteElo "2517"]
[BlackElo "2536"]
[PlyCount "77"]
[EventDate "2019.??.??"]
[EventType "tourn (corr)"]
[EventRounds "14"]
[EventCountry "GER"]
[SourceTitle "Corr 2022"]
[Source "ChessBase"]
[SourceDate "2021.10.24"]
[SourceVersion "1"]
[SourceVersionDate "2021.10.24"]
[SourceQuality "1"]

1. e4 c5 2. Nf3 Nc6 3. Bb5 e6 4. 0-0 Nge7 5. d4 cxd4 6. Nxd4 Ng6 7. Be3 Be7 8. Be2 0-0 9. Nb3 d5 10. exd5 exd5 11. Nc3 Be6 12. Bf3 Bf6 13. Nxd5 Bxb2 14. Rb1 Nce5 15. Be4 Nc4 16. Nc5 Be5 17. g3 b6 18. Nxe6 fxe6 19. f4 Rc8 20. fxe5 Rxf1+ 21. Kxf1 Ngxe5 22. Bf4 exd5 23. Bxd5+ Kf8 24. Bb7 Qxd1+ 25. Rxd1 Rc5 26. Rd5 Rxd5 27. Bxd5 Ke7 28. Ke2 Kf6 29. Bg8 h5 30. h4 Kf5 31. Bd5 Kf6 32. Bg2 Kf5 33. c3 Kf6 34. Bh3 Ke7 35. Bf5 Kf6 36. Bc2 Ke6 37. Bb3 Kf5 38. Ba4 Ke4 39. Bc2+ 1/2-1/2